000 00414nam a2200169Ia 4500
008 240729s9999 xx 000 0 und d
022 _a2049-2618
245 0 _aMicrobiome
260 _aUnited Kingdom
260 _bBMC
650 _a Microbial ecology
650 _a Microbiology
650 _aScience
856 _uhttps://doaj.org/toc/3848bccc43aa4e6aa317a9cb27131bd4
942 _2ddc
942 _cDOAJEJ
999 _c74274
_d74274
945 _a1
_bMadushi Gamage
_c1
_dMadushi Gamage